লোডিং...
Mycoplasmas. V . 2Human and animal mycoplasmas
| প্রধান লেখক: | |
|---|---|
| বিন্যাস: | Printed Book |
| ভাষা: | Undetermined English |
| প্রকাশিত: |
New York
Academic Press
1979
|
| মালা: | V 2
|
| বিষয়গুলি: |
| LEADER | 00619nam a2200205Ia 4500 | ||
|---|---|---|---|
| 008 | 140306s9999 xx 000 0 und d | ||
| 041 | |a eng | ||
| 082 | |a 589.9 |b TUL/MY | ||
| 100 | |a Tully, J G | ||
| 245 | |a Mycoplasmas. V . 2Human and animal mycoplasmas | ||
| 260 | |a New York |b Academic Press |c 1979 | ||
| 300 | |a 509 | ||
| 365 | |b Rs.170.00 | ||
| 440 | |a V 2 | ||
| 490 | |a 2 | ||
| 650 | |a Bacteria | ||
| 650 | |a Bacteriology | ||
| 942 | |2 ddc |c BK | ||
| 999 | |c 109815 |d 109815 | ||
| 952 | |0 0 |1 0 |2 ddc |4 0 |6 589_900000000000000_TULMY |7 0 |9 107252 |a KAUHCV |b KAUHCV |d 2004-03-26 |g 170.00 |o 589.9 TUL/MY |p KAU_HCV-13274 |r 2014-03-22 |w 2014-03-22 |y BK | ||